Lịch sử của sách
Sách trình bày chi tiết sự ra đời và phát triển của sách, cũng như xã hội trong giai đoạn nó tồn tại từ đó giúp bạn đọc có cái nhìn xuyên suốt về quá trình phát triển của sách và vai trò của nó trong cuộc sông con người....
Salvato in:
| Altri autori: | |
|---|---|
| Natura: | Libro |
| Lingua: | Vietnamese |
| Pubblicazione: |
H.
Quân đội nhân dân
2015
|
| Soggetti: | |
| Tags: |
Aggiungi Tag
Nessun Tag, puoi essere il primo ad aggiungerne! !
|
| Thư viện lưu trữ: | Thư viện Trường Đại học Nam Cần Thơ |
|---|
| LEADER | 01234nam a22002057a 4500 | ||
|---|---|---|---|
| 001 | NCT_55243 | ||
| 008 | 181109b xxu||||| |||| 00| 0 vie d | ||
| 999 | |c 2659 |d 2659 | ||
| 020 | |a 9786045118276 |c 63000 | ||
| 082 | 0 | 4 | |2 23rd ed. |a 002.09 |b H561 |
| 245 | 0 | 0 | |a Lịch sử của sách |c Mai Hương (sưu tầm, biên soạn) |
| 260 | |a H. |b Quân đội nhân dân |c 2015 | ||
| 300 | |a 251 tr. |c 21cm | ||
| 520 | 3 | |a Sách trình bày chi tiết sự ra đời và phát triển của sách, cũng như xã hội trong giai đoạn nó tồn tại từ đó giúp bạn đọc có cái nhìn xuyên suốt về quá trình phát triển của sách và vai trò của nó trong cuộc sông con người. | |
| 653 | |a Sách tham khảo | ||
| 700 | 1 | |a Mai Hương |e sưu tầm, biên soạn | |
| 942 | |2 ddc |c BK | ||
| 952 | |0 0 |1 0 |2 ddc |4 0 |6 002_090000000000000_H561 |7 0 |9 14861 |a 000001 |b 000001 |d 2018-11-09 |o 002.09 H561 |p TK.00480 |r 2018-11-09 |v 63000.00 |w 2018-11-09 |y BK | ||
| 952 | |0 0 |1 0 |2 ddc |4 0 |6 002_090000000000000_H561 |7 0 |9 14899 |a 000001 |b 000001 |d 2018-11-23 |o 002.09 H561 |p TK.00481 |r 2018-11-23 |v 63000.00 |w 2018-11-23 |y BK | ||
| 980 | |a Thư viện Trường Đại học Nam Cần Thơ | ||


